City by Mosque - Statistics

General Stats
  • This quiz has been taken 33 times
  • The average score is 6 of 16
Answer Stats
Picture Answer % Correct
Istanbul
97%
Mecca
90%
Casablanca
61%
Damascus
48%
Timbuktu
48%
Jakarta
45%
Samarkand
42%
Muscat
32%
Kabul
29%
Tirana
23%
Xi'an
19%
Chicago
10%
Pristina
6%
Dodoma
0%
Hyderabad
0%
Liverpool
0%
No matching quizzes found
Score Distribution
Percent of People with Each Score
Percentile by Number Answered
Your Score History
You have not taken this quiz